Datum a čas kvízu
39.5
Celkem bodů
Celkový počet nahraných bodů na tomto kvízu bez doplňovacích otázek.
2.
Pořadí na kvízu
Konečné umístění týmu na tomto kvízu.
Zaznamenané odpovědi
| # | Otázka | Odpověď | Body | Výsledky |
|---|---|---|---|---|
| 1. | Setkání otce a syna Babišových... | v Ústí nad Labem | 1 | |
| 2. | Farmaceutická společnost Johns... | před AIDS (uznáváme i odpověď HIV) | 1 | |
| 3. | Jak se jmenuje slavná kapela z... | ABBA | 1 | |
| 4. | Průměrná měsíční mzda v Česku... | 32 408 Kč (uznáváme 31 i 33 408 Kč) | 0 | |
| 5. | Jeden český sportovec si ve st... | Ondrovi | 1 | |
| 6. | V nedávném tématu jsme se vyda... | 12. dubna 1961 | 1 | |
| 7. | Celá šedesátá léta 20. století... | Alexej Leonov | 0 | |
| 8. | Lety celkem 6 raketoplánů amer... | Space Shuttle | 1 | |
| 9. | První a jediný sovětský raketo... | Buran | 1 | |
| 10. | SpaceX je americká technologic... | Falcon | 1 |